000 00606nam a2200241 a 4500
001 nice12345678
003 IN_TiNIC
005 20260116013209.0
008 050524s1989 n.ya grp 000 0 eng
020 _a155778X
_c1437.6
082 0 0 _a340.1
_bSIN
100 _aSinha, Surya Prakash
245 _aWhat Is Law? Theories of Jurisprudence
260 _aN.York
_bParagon House
_c1989
300 _a274p
500 _aincludes index and biblioraphy
505 2 _aIndex
650 _aLaw-Philosophy
700 1 _aSinha, Surya Prakash
902 _bSRS
942 _cBK
999 _c10079
_d10079